000 00862nam a2200229 a 4500
001 82554
003 BD-RjUL
005 20231227120835.0
008 231227s2023 bg ||||| |||| 00| 0 ben d
020 _a9789843540751
035 _a(BD-RjUL)82554
040 _aBD-RjUL
_beng
_cBD-RjUL
041 _aben
082 _223
_a954.924
_bALU 2023
100 _aআলম, ফিরোজ
_910735
245 _aউপমহাদেশের হাজার বছরের স্রোতধারায় উল্লাপাড়ার ইতিহাস /
_cফিরোজ আলম
260 _aঢাকা :
_bআরিন প্রকাশনী
_c২০২৩
300 _a৪৩২ পৃ.;
_c২২ সেমি.
650 _aউল্লাপাড়া
_xইতিহাস
_910736
650 _aUllapara
_xHistory
_910737
942 _2ddc
_cBK
999 _c82554
_d82554